|
|
|
|
| LEADER |
00881cam a2200241 7i4500 |
| 001 |
0000023629 |
| 005 |
20210126090000.0 |
| 008 |
080820 eng |
| 020 |
|
|
|a 9780849327926
|
| 020 |
|
|
|a 084932792X (hbk.)
|
| 040 |
|
|
|a DLC
|
| 090 |
0 |
0 |
|a SH328
|b .B56 2008
|
| 245 |
0 |
0 |
|a Biology and management of the world Tarpon and Bonefish fisheries
|c edited by Jerald S. Ault.
|
| 260 |
|
|
|a Boca Raton, FL:
|b CRC Press,
|c 2008.
|
| 300 |
|
|
|a xxv, 441 p.:
|b col. ill., col. maps;
|c 24 cm.
|
| 504 |
|
|
|a Includes bibliographical references and index
|
| 650 |
0 |
0 |
|a Bonefish --
|x Ecology
|
| 650 |
0 |
0 |
|a Tarpon --
|x Ecology
|
| 650 |
0 |
0 |
|a Fishery management
|
| 700 |
1 |
|
|a Ault, Jerald S.
|
| 997 |
|
|
|a Engineering & Life Sciences, Faculty
|b Science & Biotechnology, Department
|
| 998 |
|
|
|a Biotechnology, Degree
|
| 999 |
|
|
|a 0000024745
|b BOK
|c OPEN SHELF
|e 2nd Floor, Bestari Jaya
|